书目信息 |
| 题名: |
思想、制度与社会转轨——中国当代史新论
|
|
| 作者: | 李良玉 主编 | |
| 分册: | ||
| 出版信息: | 合肥工业大学出版社 2007 |
|
| 页数: | 271 | |
| 开本: | 20cm | |
| 丛书名: | 李良玉教授与其博士生文丛 | |
| 单 册: | ||
| 中图分类: | K270.7 | |
| 科图分类: | ||
| 主题词: | 中国--现代史--1949~ | |
| 电子资源: | ||
| ISBN: | 978-7-81093-554-8 | |
| 000 | 02297oam2 2200253 450 | |
| 001 | 1238396075 | |
| 005 | 20121025110115.75 | |
| 010 | @a978-7-81093-554-8@b平装@dCNY28.00 | |
| 100 | @a20070815d km y0chiy0120 ea | |
| 101 | 0 | @a中 |
| 200 | 1 | @a思想、制度与社会转轨——中国当代史新论@Asi xiang、zhi du yu she hui zhuan gui——zhong guo dang dai shi xin lun@f李良玉主编@Fli liang yu zhu bian |
| 205 | @a1 | |
| 210 | @c合肥工业大学出版社@d2007 | |
| 215 | @a271@d20cm | |
| 225 | 2 | @a李良玉教授与其博士生文丛 |
| 314 | @a李良玉,1951年生,江苏海安人,历史学博士,南京大学历史系教授,博士生导师。研究方向为中国近现代史、中华民国史、社会史、中国当代史,主治中国近当代思想文化史。著有《动荡时代的知识分子》;《新编中国通史》第四册(获华东地区1996年度优秀教育图书一等奖);《思想启蒙与文化重建》(2002年获第十七届北方十五省、市、自治区哲学社会科学优秀图书奖,2005年获江苏省哲学社会科学优秀成果三等奖);《变动时代的记录》。另外,合作出版了《中华民国经济史》(获江苏省哲学社会科学优秀成果二等奖);《中华民国文化史》(获南京市哲学社会优秀成果二等奖)等。 | |
| 327 | @a总序进一步重视和推动对中国当代史的研究 建国初期江苏的工商业调整江苏"三反"、"五反"运动研究 苏南土改中的划分阶级成分和反封建问题苏南土改中的农村公地问题苏南土地改革中的工商业问题苏南土改中的知识分子问题苏南土地改革中的富农问题饶漱石与华东新区土地改革美好的远景和过高的预期——农业合作化高潮形成的原因之一1956-1957年合作化高潮后的农民退社风潮江苏省南通地区"算账"事件研究——透析平息退社风潮中的打击单干户现象"大跃进"时期的河南农村公共食堂人民公社分配制度的形成——以江苏为例"宝应事件"研究论"一五"时期优先发展重工业的战略新中国劳动制度的形成论中苏同盟关系的破裂论1954年宪法周恩来文化思想研究——1949-1962《新人口论》批判及其历史教训1972-1976年间中国高等教育的过渡性分析20世纪八九十年代苏南乡镇企业与乡镇消防队的建设我国现行人口政策的形成与稳定 50年来中国天主教研究的回顾与前瞻苏州西园寺佛教文化研究后记 | |
| 330 | @a本书是关于"思想制度与社会转轨"的研究专著,具体包括了:进一步重视和推动对中国当代史的研究、建国初期江苏的工商业调整、苏南土改中的农村公地问题、苏南土地改革中的富农问题、论中苏同盟关系的破裂、苏州西园寺佛教文化研究等方面的内容。 | |
| 461 | 0 | @12001 @a李良玉教授与其博士生文丛 |
| 606 | 0 | @a中国@x现代史@z1949~ |
| 690 | @aK270.7@v4 | |
| 701 | 0 | @a李良玉@Ali liang yu@4主编 |
| 801 | 0 | @aCN@bNLC@c20101222 |
| 905 | @a10447@dK270.7@eJY21 | |
| 思想、制度与社会转轨——中国当代史新论/李良玉主编.-1.-合肥工业大学出版社,2007 |
| 271;20cm.-(李良玉教授与其博士生文丛) |
| 部分内容:总序进一步重视和推动对中国当代史的研究 建国初期江苏的工商业调整江苏"三反"、"五反"运动研究 苏南土改中的划分阶级成分和反封建问题苏南土改中的农村公地问题苏南土地改革中的工商业问题苏南土改中的知识分子问题苏南土地改革中的富农问题饶漱石与华东新区土地改革美好的远景和过高的预期——农业合作化高潮形成的原因之一1956-1957年合作化高潮后的农民退社风潮江苏省南通地区"算账"事件研究——透析平息退社风潮中的打击单干户现象"大跃进"时期的河南农村公共食堂人民公社分配制度的形成——以江苏为例"宝应事件"研究论"一五"时期优先发展重工业的战略新中国劳动制度的形成论中苏同盟关系的破裂论1954年宪法周恩来文化思想研究——1949-1962《新人口论》批判及其历史教训1972-1976年间中国高等教育的过渡性分析20世纪八九十年代苏南乡镇企业与乡镇消防队的建设我国现行人口政策的形成与稳定 50年来中国天主教研究的回顾与前瞻苏州西园寺佛教文化研究后记 |
| ISBN 978-7-81093-554-8(平装):CNY28.00 |
| 本书是关于"思想制度与社会转轨"的研究专著,具体包括了:进一步重视和推动对中国当代史的研究、建国初期江苏的工商业调整、苏南土改中的农村公地问题、苏南土地改革中的富农问题、论中苏同盟关系的破裂、苏州西园寺佛教文化研究等方面的内容。 |
| ● |
| 相关链接 |
|
|
|
|
正题名:思想、制度与社会转轨——中国当代史新论
索取号:K270.7/JY21
 
预约/预借
| 序号 | 登录号 | 条形码 | 馆藏地/架位号 | 状态 | 备注 |
| 1 | 7832451 | 278324519 | 学院路分馆/ [索取号:K270.7/JY21] | 在馆 | |
| 2 | 7832452 | 278324528 | 学院路分馆/ [索取号:K270.7/JY21] | 在馆 |